| 000 | 00509nam a2200169 i 4500 | ||
|---|---|---|---|
| 001 | 82782 | ||
| 003 | ES-MaACL | ||
| 005 | 20230906174730.0 | ||
| 007 | t| | ||
| 008 | 041111s1977 sp ||||1| spa d | ||
| 110 | 2 |
_aInstitución Libre de Enseñanza. _94724 |
|
| 245 | 1 | 0 |
_aEn el centenario de la Institución Libre de Enseñanza / _cIlene Avery ... [et al.]. |
| 260 |
_a[Madrid] : _bTecnos, _c[1977] |
||
| 300 |
_a249 p. ; _c24 cm. |
||
| 700 | 1 |
_aAvery, Ilene. _924030 |
|
| 852 |
_aES-MaACL _jA-7325 _bR.96095 |
||
| 999 |
_c82782 _d82782 |
||